| 000 | 00398 a2200145 4500 | ||
|---|---|---|---|
| 020 | _a9694480817 | ||
| 082 | _a297.19785 | ||
| 090 |
_c4986 _d4986 |
||
| 100 | _aKhan,Muhammad Akram | ||
| 245 |
_aEconomic Teachings of Prophet Muhammad _cMuhammad Akram Khan |
||
| 260 |
_aIslamabad _bInstitute of Policy Studies _c2005 |
||
| 300 | _a439p | ||
| 500 | _aPaper cover | ||
| 942 |
_aNBS _cBK _k297.19785 KHA |
||
| 999 |
_c347413 _d347413 |
||